| 000 | 00604nam a22002057a 4500 | ||
|---|---|---|---|
| 999 |
_c6723 _d6723 |
||
| 003 | OSt | ||
| 005 | 20200309162015.0 | ||
| 008 | 200309b ||||| |||| 00| 0 eng d | ||
| 020 | _a9780340811979 | ||
| 040 | _cDNLM | ||
| 082 | _aWH102 A17d 2006 | ||
| 100 |
_aEdited by David, I. Graham; James, A.R. Nicoll; Ian, Bone _913809 |
||
| 245 | _aAdams & Graham's Introduction to Neuropathology | ||
| 250 | _a3rd ed. | ||
| 260 |
_aLondon; _bHodder Arnold, _c2006 |
||
| 300 |
_axvii,455p; _bCol.ill: _c24.5cm |
||
| 504 | _aReferences, & index included | ||
| 650 |
_aNeuropathology _913810 |
||
| 942 |
_2z _cO_SHELF |
||